000 00595cam a22001577a 4500
040 _cINU
082 0 4 _a634 CEL 2004 A083 Or.
245 0 0 _aCapitalisation de l'expérience sahélienne en aménagement des forêts naturelles pour la production du bois-énergie :
_bactes de l'atelier régional, Niamey, 27-30 avril 2004.
260 _aOuagadougou [Burkina Faso] :
_bCellule régionale de coordination PREDAS,
_c2004.
300 _a52 p. :
_bill. (some col.) ;
_c30 cm.
650 0 _aFuelwood
650 0 _aFuelwood crops
650 0 _aFuelwood crops
650 0 _aForest management
942 _cEK
999 _c16084
_d16084